000 01253cam a22003493a 4500
001 2674
003 PGUSA
005 20140828083020.0
008 010601s2001||||xxu|||||s|||||000 | eng d
040 _aPGUSA
_beng
042 _adc
050 4 _aPS
100 1 _aWarner, Charles Dudley,
_d1829-1900
245 1 4 _aThe Complete Writings of Charles Dudley Warner — Volume 4
_h[electronic resource] /
_cCharles Dudley Warner
260 _bProject Gutenberg,
_c2001
505 0 _aBeing a boy — On horseback
506 _aPublic domain in the USA.
516 _aElectronic text
653 _aAppalachian Region -- Description and travel
653 _aTennessee -- Description and travel
653 _aWarner, Charles Dudley, 1829-1900 -- Travel -- Mexico
653 _aWarner, Charles Dudley, 1829-1900 -- Travel -- Southern States
653 _aAutobiographies
653 _aWarner, Charles Dudley, 1829-1900 -- Travel -- Appalachian Region
653 _aNorth Carolina -- Description and travel
653 _aVirginia -- Description and travel
653 _aMexico -- Description and travel
653 _aBoys -- Biography
830 0 _aProject Gutenberg
_v2674
856 4 0 _uhttp://www.gutenberg.org/ebooks/2674
942 _cEB
999 _c232007
_d232007